| 000 | 00677nam a2200229Ia 4500 | ||
|---|---|---|---|
| 001 | 12614 | ||
| 003 | GE_BSU | ||
| 008 | 181216s||||||||xx |||||||||||||| ||und|| | ||
| 040 | _cGE_BSU | ||
| 080 | _a634.752 | ||
| 100 | _aМихайлов,И.Г. | ||
| 245 | _aЗемляника | ||
| 245 | _bЛенингр.зональная плодово-ягодная опытная станция | ||
| 245 | _cРед.А.Н.Молчанов | ||
| 260 | _aМ-Л | ||
| 260 | _bСельхозгиз | ||
| 260 | _c1938 | ||
| 300 | _a197стр.21см. | ||
| 300 | _cуказатель латинских использ.литер.с192 | ||
| 653 | _aЗемляника | ||
| 942 | _cBK | ||
| 999 |
_c45786 _d45786 |
||